| 000 | 00829nam a2200277 a 4500 | ||
|---|---|---|---|
| 003 | CO-BoRNBP | ||
| 005 | 20241017162713.0 | ||
| 007 | ta | ||
| 008 | 110527s2011 sp a gr 00110 spa d | ||
| 020 | _a9789962897880 | ||
| 040 |
_aCO-BoBLA _bspa _cCO-BoBLA |
||
| 041 | 0 | _aspa | |
| 043 | _ae-sp--- | ||
| 082 | 0 | 4 |
_aR036 _bC65a4 |
| 245 | 0 | 0 |
_aConsultor enciclopedia temática / _credacción Dolores Gassós ... [et al.]. |
| 250 | _a1a. edición | ||
| 300 |
_a1088 p. : _bil. ; _c23 cm. + _e1 CD-Rom. |
||
| 336 |
_2rdacontent _atexto _btxt |
||
| 337 |
_2rdamedia _asin mediación _bn |
||
| 338 |
_2rdacarrier _avolumen _bnc |
||
| 500 | _aGlosario : p. 1039-1040. | ||
| 650 | 7 |
_aEnciclopedias y diccionarios españoles. _2BLAAUTO _916722 |
|
| 700 | 1 |
_aGassós, Dolores. _943191 |
|
| 942 |
_2ddc _cBK |
||
| 949 |
_an _bn |
||
| 999 |
_c38474 _d38474 |
||